<?xml version="1.0" encoding="UTF-8"?><?xml-stylesheet type="text/xsl" href="static/style.xsl"?><OAI-PMH xmlns="http://www.openarchives.org/OAI/2.0/" xmlns:xsi="http://www.w3.org/2001/XMLSchema-instance" xsi:schemaLocation="http://www.openarchives.org/OAI/2.0/ http://www.openarchives.org/OAI/2.0/OAI-PMH.xsd"><responseDate>2026-06-01T07:58:59Z</responseDate><request verb="GetRecord" identifier="oai:riuma.uma.es:10630/41275" metadataPrefix="marc">https://riuma.uma.es/rest/oai/request</request><GetRecord><record><header><identifier>oai:riuma.uma.es:10630/41275</identifier><datestamp>2026-02-03T11:29:20Z</datestamp><setSpec>com_10630_2254</setSpec><setSpec>col_10630_37953</setSpec></header><metadata><record xmlns="http://www.loc.gov/MARC21/slim" xmlns:dcterms="http://purl.org/dc/terms/" xmlns:doc="http://www.lyncode.com/xoai" xmlns:xsi="http://www.w3.org/2001/XMLSchema-instance" xsi:schemaLocation="http://www.loc.gov/MARC21/slim http://www.loc.gov/standards/marcxml/schema/MARC21slim.xsd">
   <leader>00925njm 22002777a 4500</leader>
   <datafield ind2=" " ind1=" " tag="042">
      <subfield code="a">dc</subfield>
   </datafield>
   <datafield ind2=" " ind1=" " tag="720">
      <subfield code="a">Carrasco-Aguilar, Claudia</subfield>
      <subfield code="e">author</subfield>
   </datafield>
   <datafield ind2=" " ind1=" " tag="720">
      <subfield code="a">Luzón Trujillo, Antonio</subfield>
      <subfield code="e">author</subfield>
   </datafield>
   <datafield ind2=" " ind1=" " tag="720">
      <subfield code="a">López, Verónica</subfield>
      <subfield code="e">author</subfield>
   </datafield>
   <datafield ind2=" " ind1=" " tag="260">
      <subfield code="c">2019</subfield>
   </datafield>
   <datafield ind2=" " ind1=" " tag="520">
      <subfield code="a">Las políticas de rendición de cuentas en Chile se sustentan sobre un sistema de medición de calidad de la&#xd;
educación que trae consigo pruebas estandarizadas con altas consecuencias, y diferentes sistemas de amenaza,&#xd;
castigo y seducciones para las escuelas que no mejoren sus resultados académicos. En este contexto, la identidad&#xd;
del profesorado se ve desafiada. Este estudio analizó la identidad del profesorado que trabaja en sistema municipal&#xd;
chileno en el contexto de políticas de accountability en este sector. Se realizaron 22 entrevistas focalizadas y 4&#xd;
grupos focales a docentes y otros actores educativos de cuatro centros educativos cuyo índice de vulnerabilidad&#xd;
socioeducativa (IVE) era superior a 75%. Los resultados del análisis de contenido indican una estandarización del&#xd;
trabajo docente, lo que trae como consecuencia tanto una tecnificación de su identidad, como formas de responder&#xd;
por medio de la vocación y compromiso profesional, a pesar de un descrédito de la profesión. Esta percepción&#xd;
es compartida por el estudiantado y sus familias, quienes confirman la percepción del profesorado de un bajo&#xd;
reconocimiento social.</subfield>
   </datafield>
   <datafield ind1="8" ind2=" " tag="024">
      <subfield code="a">Carrasco Aguilar, C., Luzón, A., &amp; López, V. (2019). Identidad docente y políticas de accountability: el caso de Chile. Estudios Pedagógicos, 45(2), 121-139. http://dx.doi.org/10.4067/S0718-07052019000200121</subfield>
   </datafield>
   <datafield ind1="8" ind2=" " tag="024">
      <subfield code="a">https://hdl.handle.net/10630/41275</subfield>
   </datafield>
   <datafield ind1="8" ind2=" " tag="024">
      <subfield code="a">10.4067/S0718-07052019000200121</subfield>
   </datafield>
   <datafield tag="653" ind2=" " ind1=" ">
      <subfield code="a">Investigación activa en educación</subfield>
   </datafield>
   <datafield tag="653" ind2=" " ind1=" ">
      <subfield code="a">Profesores - Formación profesional</subfield>
   </datafield>
   <datafield ind2="0" ind1="0" tag="245">
      <subfield code="a">Identidad docente y políticas de accountability: el caso de Chile.</subfield>
   </datafield>
</record>
</metadata></record></GetRecord></OAI-PMH>